Malý malomeštiak

Bibliographic Details
Main Author: Cerami, Vincenzo, 1940- (Author)
Other Authors: Koprda, Pavol, 1947- (Translator)
Format: Article
Language:Slovak
PhysicalDescription:Fot. 2.
Subjects:

MARC

LEADER 00000nab a2200000 a 4500
001 vtls000353121
003 SK-MaSNL
005 20260303190204.0
008 140422c1989 xo 0 slo
015 |a SNBRB19rr/mm-uuuuu 
035 |a CL0353243 
040 |a SNKBUCL  |b slo  |c SNKBUCL  |e AACR2 
041 0 |a slo 
044 |a xo  |c SK 
080 |a 850-3  |2 1981 
100 1 |a Cerami, Vincenzo,  |d 1940-  |4 aut  |9 48299 
245 1 0 |a Malý malomeštiak  |c Vincenzo Cerani ; Pavol Koprda 
300 |b Fot. 2. 
650 0 7 |a romány spoločenské  |2 snkbucl  |9 402806 
650 0 7 |a romány psychologické  |2 snkbucl  |9 653970 
655 7 |a články z novín a časopisov  |2 snkbucl  |9 267496 
655 7 |a články z odboru literárna veda a krásna literatúra  |2 snkbucl  |9 770045 
700 1 |a Koprda, Pavol,  |d 1947-  |4 trl  |9 107014 
773 0 |t Literárny týždenník  |g Roč. 2, č. 21 (1989), s. 8-9 
850 |a Slovenská národná knižnica v Martine  |a MTA001 
852 |a SNK  |b KIS3GCP 
958 |a RK 
958 |a LX 
999 |c 2134992  |d 2136922